Normal view
MARC view
- حجازي، محمود؛ عنى به عبادة فارس الشامي
Entry Personal Name
001 - CONTROL NUMBER
- control field: 13020
003 - CONTROL NUMBER IDENTIFIER
- control field: JO-AjAnu
005 - DATE AND TIME OF LATEST TRANSACTION
- control field: 20230606072402.0
008 - FIXED-LENGTH DATA ELEMENTS
- fixed length control field: 230606|| aca||aabn | a|a d
040 ## - CATALOGING SOURCE
- Original cataloging agency: JO-AjAnu
- Transcribing agency: JO-AjAnu
100 ## - HEADING--PERSONAL NAME
- Personal name: حجازي، محمود؛ عنى به عبادة فارس الشامي
670 ## - SOURCE DATA FOUND
- Source citation: Work cat.: (JO-AjAnu)6699: حجازي، محمود؛ عنى به عبادة فارس الشامي, author, تفسير جزء تبارك من النفسير الواضح